| 000 | 00765cab a2200241 4500 | ||
|---|---|---|---|
| 001 | WB3225-37 | ||
| 008 | 090401t1996 xxu||||| |||| 00| 0 eng d | ||
| 035 | _a(Sirsi) u40132 | ||
| 041 | _aeng | ||
| 245 | _aData scheme may delay end of beef ban | ||
| 260 | _c1996 | ||
| 350 | _a0 | ||
| 490 |
_aFinancial Times _v27 June 1996, 7 (1) |
||
| 520 | _aConsiders animal identification and movement recording and the effect that an electronic database of these records could have on the beef ban. | ||
| 650 | _aANIMAL IDENTIFICATION | ||
| 650 | _aBSE ERADICATION PROGRAMME | ||
| 650 | _aBSE | ||
| 650 | _aCATTLE PASSPORTS | ||
| 690 | _aMANAGEMENT-BUSINESS MANAGEMENT-INFORMATION MANAGEMENT | ||
| 690 | _aRURAL PRACTICE | ||
| 942 | _n0 | ||
| 948 | _c04/03/1997 | ||
| 999 |
_c25707 _d25707 |
||